000
00317nam a2200133Ia 4500
008
191201s2019 xx 000 0 und d
082
_a
615.103 GUD
100
_a
GUPTA, L.C
245
0
_a
Dictionary of Pharmacy
260
_b
AITBS Pub
_a
New Delhi
_c
2019
300
_a
334
650
_a
Miscellaneous
942
_2
ddc
_c
BK
999
_c
8208
_d
8208